Studies on the Effect of Ethrel CCC and GA Sprays on Bearing of Mango (mangifera indica L.) (Record no. 50312)

MARC details
000 -LEADER
fixed length control field 00581nam a22002057a 4500
003 - CONTROL NUMBER IDENTIFIER
control field OSt
008 - FIXED-LENGTH DATA ELEMENTS--GENERAL INFORMATION
fixed length control field 260429b |||||||| |||| 00| 0 eng d
082 ## - DEWEY DECIMAL CLASSIFICATION NUMBER
Classification number 634.44
Item number H69S
100 ## - MAIN ENTRY--PERSONAL NAME
Personal name Hoda, Nurul.
245 ## - TITLE STATEMENT
Title Studies on the Effect of Ethrel CCC and GA Sprays on Bearing of Mango (mangifera indica L.)
Statement of responsibility, etc. by Nurul Hoda
260 ## - PUBLICATION, DISTRIBUTION, ETC. (IMPRINT)
Place of publication, distribution, etc .- Sabour, Sabour
Name of publisher, distributor, etc : Bihar Agricultural College, RAU
Date of publication, distribution, etc , 1986
300 ## - PHYSICAL DESCRIPTION
Extent 116p.
502 ## - DISSERTATION NOTE
Degree type Ph. D.
Year degree granted 1986
650 ## - SUBJECT ADDED ENTRY--TOPICAL TERM
Topical term or geographic name as entry element Horticulture
650 ## - SUBJECT ADDED ENTRY--TOPICAL TERM
Topical term or geographic name as entry element Pomology
650 ## - SUBJECT ADDED ENTRY--TOPICAL TERM
Topical term or geographic name as entry element Mangoes
650 ## - SUBJECT ADDED ENTRY--TOPICAL TERM
Topical term or geographic name as entry element Thesis
650 ## - SUBJECT ADDED ENTRY--TOPICAL TERM
Topical term or geographic name as entry element Ph. D.
942 ## - ADDED ENTRY ELEMENTS (KOHA)
Source of classification or shelving scheme
Koha item type Thesis
Holdings
Withdrawn status Lost status Source of classification or shelving scheme Damaged status Not for loan Home library Current library Date acquired Source of acquisition Cost, normal purchase price Total Checkouts Full call number Barcode Date last seen Bill Date Koha item type Bill Number
          Dr. Rajendra Prasad Central Agricultural University Pusa, Dr. Rajendra Prasad Central Agricultural University Pusa, 29/04/2026 by Author 0.00   634.44 H69S 39370 29/04/2026 29/04/2026 Thesis Gift
Hosted, Implemented, Customized & Maintained by: BestBookBuddies

Powered by Koha